BIBLIOTECA

SENCICO

Desarrollo Organizacional : valores, proceso y tecnología (Registro nro. 1525)

Detalles MARC
000 -LEADER
fixed length control field 00514nam a2200205Ia 4500
005 - DATE AND TIME OF LATEST TRANSACTION
control field 20251020182514.0
008 - FIXED-LENGTH DATA ELEMENTS--GENERAL INFORMATION
fixed length control field 200515s9999 xx 000 0 und d
082 ## - DEWEY DECIMAL CLASSIFICATION NUMBER
Classification number 658.3.054/M26
100 ## - MAIN ENTRY--PERSONAL NAME
Personal name Margulies, Newton
100 ## - MAIN ENTRY--PERSONAL NAME
Personal name Raía, Anthony P.
245 #0 - TITLE STATEMENT
Title Desarrollo Organizacional : valores, proceso y tecnología
260 ## - PUBLICATION, DISTRIBUTION, ETC.
Place of publication, distribution, etc. México, D.F.
260 ## - PUBLICATION, DISTRIBUTION, ETC.
Name of publisher, distributor, etc. Diana
260 ## - PUBLICATION, DISTRIBUTION, ETC.
Date of publication, distribution, etc. 1975
300 ## - PHYSICAL DESCRIPTION
Extent 795 p.
500 ## - GENERAL NOTE
General note 1 ejemplar
650 ## - SUBJECT ADDED ENTRY--TOPICAL TERM
Topical term or geographic name entry element DESARROLLO ORGANIZACIONAL
942 ## - ADDED ENTRY ELEMENTS (KOHA)
Koha item type Libros
Existencias
Fecha de la última vez que lo usaron Pago total Signatura topográfica completa Código de barras Precio efectivo desde Tipo de documento Estado perdido Estado dañado No es para préstamo Retirado Ubicación permanente Ubicación actual Fecha de adquisición
15/05/2020   658.3.054/M26 Bib-Lima15051525 15/05/2020 Libros         Biblioteca Central Lima Biblioteca Central Lima 15/05/2020